000
00219 a2200097 4500
001
44572
100
_a
Rapsan
245
_a
Experimental Electrical Engineer
260
_a
London
_b
Pitman & Son
_c
090
_c
28299
_d
28299
942
_a
NUST-CAE
_c
M
_c
20334
999
_c
279645
_d
279645